00590nam a22001817a 450000500170000001000270001702000260004403500130007003500140008303700130009708200130011010000250012324501170014826000370026527000540030230000290035670000230038520230526152903.0 aENG-115161 ENG-137055 a9789385755224c250.00 aEN-98693 aEN-120587 bDBAD/PUB a365.6092 aAmir Khan, Mohammad  aFramed as a terrorist:bmy 14-year struggle to prove my innocence /cby Mohammad Amir Khan [and] Nandita Haksar aNew DelhibSpeaking Tiger c2016 a4381/4,Ansari Road, Daryaganj,bNew Delhie110002 a234p. :bill.c20cm(pbk) aby Haksar, Nandita